[Event "XXVI SuperGM"]
[Site "Linares ESP"]
[Date "2009.02.26"]
[Round "7"]
[White "Anand, V."]
[Black "Grischuk, A."]
[Result "1/2-1/2"]
[WhiteElo "2791"]
[BlackElo "2733"]
[PlyCount "64"]
[EventDate "2009.02.19"]

1. d4 Nf6 2. c4 g6 3. f3 {This way White wants to avoid main lines of the
Gruenfeld Defense.} Bg7 {Grischuk has nothing against the King's Indian, where
due to the early advance f2-f3 White is practically forced to play the
Saemisch Variation.} ({After} 3... d5 4. cxd5 Nxd5 5. e4 {in contrast to usual
Gruenfeld positions Black cannot exchange knights on c3.}) 4. e4 d6 5. Nc3 O-O
6. Be3 a6 7. Nge2 Nc6 8. Qd2 Rb8 9. Rc1 {Usually White plays a less committing
9.Nc1, leaving open the possibility to castle queenside later on.} e6 {A good
reaction thanks to its flexibility. Black can choose later what pawn to
advance further. For the moment Black's idea is to see White's intentions.} (
9... b5 {would be a mistake, justifying 9.Rc1. White wins a pawn with} 10. cxb5
axb5 11. Nxb5 Rxb5 12. Rxc6) 10. b3 {A solid move, but sooner or later White
must take a decision about his plan.} Nd7 {Again a tricky move from Black,
practically forcing White to start active actions. The point is that now a
quiet development 11.Ng3 with the intention Be2 and 0-0 is strongly met by 11..
.e5 12.d5 Nd4, with excellent position for Black.} 11. h4 h5 12. g3 ({After} 
12. g4 hxg4 13. fxg4 Nf6 14. g5 {Black has a pleasant choice between 14...Ng4
and 14...Nh5.} Ng4 (14... Nh5) 15. Bg1 f6) 12... Ne7 {After removing the
knight from c6 Black is ready for the advance b7-b5.} 13. g4 {#  A
double-edged decision. White's position is only optically better, in reality
Black's prospects in the upcoming complications are by no means worse.} ({More
careful is} 13. Bg2 b5 {but the World Champion was in the aggressive mood.})
13... hxg4 $1 14. fxg4 Nf6 {White must play carefully to avoid troubles.} 15.
g5 (15. Bh3 {hoping for an attack with h4-h5 would have been unwise. After} e5
{the complications favour Black.}) 15... Nh5 (15... Ng4 {was a sharper
alternative.}) 16. Bg2 e5 {Time for Black to open the position. White's
kingside attack finished without properly being started.} 17. Bf3 ({In case of
} 17. d5 {Black has several good options: 17...b5, 17...Bg4 and 17...f5.})
17... b5 {#} 18. dxe5 {Starting massive exchanges of pieces. White needs it in
order to... castle and hide the king.} ({Doubtful for White is} 18. Bxh5 gxh5
19. Ng3 Bg4) 18... Bxe5 19. Nf4 ({Too early for} 19. O-O {in view of} Bh3 20.
Rf2 bxc4 21. bxc4 Qd7 {with advantage for Black.}) 19... Bxf4 20. Bxf4 bxc4 21.
bxc4 Be6 22. Nd5 Bxd5 23. cxd5 Qd7 24. O-O {#  Finally White castled. The
position is equal.} Nxf4 25. Qxf4 c6 26. h5 cxd5 27. h6 Qe6 28. exd5 Nxd5 29.
Bxd5 Qxd5 30. Qf6 Qe5 31. Qxe5 dxe5 32. Rc5 Rb5 (32... Rb5 33. Rxb5 axb5 34.
Re1 f6 35. gxf6 Rxf6 36. Rxe5 Ra6 37. Rxb5 Rxa2) 1/2-1/2

[Event "XXVI SuperGM"]
[Site "Linares ESP"]
[Date "2009.02.26"]
[Round "7"]
[White "Radjabov, T."]
[Black "Carlsen, M."]
[Result "1/2-1/2"]
[WhiteElo "2761"]
[BlackElo "2776"]
[PlyCount "67"]
[EventDate "2009.02.19"]

1. e4 e5 2. Nf3 Nc6 3. Bc4 Bc5 4. c3 Nf6 5. d3 a6 6. Bb3 O-O 7. O-O d6 8. h3 h6
9. Re1 Ba7 10. Nbd2 Be6 11. Bc2 Re8 12. Nh2 d5 13. Qf3 dxe4 14. dxe4 Ne7 15.
Ndf1 Ng6 16. Be3 Bxe3 17. Nxe3 c6 18. Nf5 Bxf5 19. exf5 Nf4 20. Rad1 Qc7 21.
Ng4 N4h5 22. Re3 Nxg4 23. hxg4 Nf6 24. Qg3 Rad8 25. Rde1 Rd2 {#} 26. Bb3 ({The
piece sac} 26. g5 hxg5 27. Qxg5 Rxc2 28. Rg3 {is not dangerous for Black:} Kf8
29. Qxg7+ Ke7 30. Rg6 Nd5 ({but not} 30... Qd6 31. Rxf6 Qxf6 32. Rxe5+)) 26...
Qd8 27. g5 hxg5 28. Qxg5 Nd5 29. Qh5 Qf6 30. Rh3 Kf8 31. Qg4 Kg8 32. Qh5 Kf8
33. Qg4 Kg8 34. Qh5 1/2-1/2